| 000 | 00509nam a2200205 a 4500 | ||
|---|---|---|---|
| 001 | 3835 | ||
| 005 | 20140414131931.0 | ||
| 008 | 040107s19uu xx 00 eng d | ||
| 020 | _a | ||
| 050 |
_aREF 500 _bF37 2000 |
||
| 100 | _aFarndon, John | ||
| 245 |
_aScience : _cJohn Farndon. _b1000 things you should know about / |
||
| 260 |
_bMiles Kelly, _c2000. |
||
| 300 | _a61 p. ; cm. | ||
| 500 | _aIncludes index. | ||
| 650 |
_aSciences _x |
||
| 650 | _a | ||
| 650 | _aHuman body. | ||
| 999 |
_c112233 _d112233 |
||